Understanding contract law (Record no. 107273)
[ view plain ]
| 000 -LEADER | |
|---|---|
| fixed length control field | 01226cam a22002535a 4500 |
| 001 - CONTROL NUMBER | |
| control field | L139059 |
| 008 - FIXED-LENGTH DATA ELEMENTS--GENERAL INFORMATION | |
| fixed length control field | 070720s2007 xxk f 001 0 eng d |
| 020 ## - INTERNATIONAL STANDARD BOOK NUMBER | |
| International Standard Book Number | 9781847031167 |
| 035 ## - SYSTEM CONTROL NUMBER | |
| System control number | (Sirsi) u139059 |
| 041 0# - LANGUAGE CODE | |
| Language code of text/sound track or separate title | eng |
| 050 04 - LIBRARY OF CONGRESS CALL NUMBER | |
| Classification number | 346.4102 $2 18 |
| 100 1# - MAIN ENTRY--PERSONAL NAME | |
| Personal name | Adams, John N |
| 245 00 - TITLE STATEMENT | |
| Title | Understanding contract law |
| 250 ## - EDITION STATEMENT | |
| Edition statement | 5th ed. |
| 260 ## - PUBLICATION, DISTRIBUTION, ETC. | |
| Place of publication, distribution, etc. | Sweet and Maxwell |
| Date of publication, distribution, etc. | 2007 |
| 505 1# - FORMATTED CONTENTS NOTE | |
| Formatted contents note | Understand contract: first steps -- The rule-book in historical perspective -- Contractual disputes -- Agreement -- The conditions of enforceability -- The concept of risk -- Remedies -- The ideologies of contract -- Contract transformed -- Understanding contract as a social phenomenon |
| 520 ## - SUMMARY, ETC. | |
| Summary, etc. | Provides a succinct overview of contract law, aimed at the new law student. Concepts are expressed briefly but not oversimplified. Explains how the contract rule-book emerged to reflect a range of underlying decisions. Provides a reliable analysis of current doctrine. Examines current changes in the institution of contract. Covers all key case law and statutory developments. |
| 590 ## - LOCAL NOTE (RLIN) | |
| Local note | KA |
| 651 #4 - SUBJECT ADDED ENTRY--GEOGRAPHIC NAME | |
| Geographic name | United Kingdom |
| Chronological subdivision | |
| 690 ## - LOCAL SUBJECT ADDED ENTRY--TOPICAL TERM (OCLC, RLIN) | |
| Topical term or geographic name as entry element | MANAGEMENT |
| 700 1# - ADDED ENTRY--PERSONAL NAME | |
| Personal name | Brownsword, Roger |
| 942 ## - ADDED ENTRY ELEMENTS (KOHA) | |
| Suppress in OPAC | 0 |
| Withdrawn status | Lost status | Source of classification or shelving scheme | Damaged status | Not for loan | Home library | Current library | Shelving location | Date acquired | Cost, normal purchase price | Total Checkouts | Full call number | Barcode | Date last seen | Date last checked out | Copy number | Cost, replacement price | Price effective from | Koha item type |
|---|---|---|---|---|---|---|---|---|---|---|---|---|---|---|---|---|---|---|
| Dewey Decimal Classification | London | London | Books | 30/07/2007 | 15.95 | 13 | 346.4102 ADA | 30074164 | 06/08/2019 | 06/07/2009 | 1 | 15.95 | 06/08/2019 | Book |